Wessex comprehensive building price book 2008 (Record no. 107627)
[ view plain ]
| 000 -LEADER | |
|---|---|
| fixed length control field | 00995cam a22002175a 4500 |
| 001 - CONTROL NUMBER | |
| control field | E141301 |
| 008 - FIXED-LENGTH DATA ELEMENTS--GENERAL INFORMATION | |
| fixed length control field | 070215s2007 xxk f 000 0 eng u |
| 020 ## - INTERNATIONAL STANDARD BOOK NUMBER | |
| International Standard Book Number | 9781904829591 |
| 035 ## - SYSTEM CONTROL NUMBER | |
| System control number | (Sirsi) u141301 |
| 041 0# - LANGUAGE CODE | |
| Language code of text/sound track or separate title | eng |
| 050 04 - LIBRARY OF CONGRESS CALL NUMBER | |
| Classification number | 692.5 $2 18 |
| 245 00 - TITLE STATEMENT | |
| Title | Wessex comprehensive building price book 2008 |
| Remainder of title | minor works |
| 250 ## - EDITION STATEMENT | |
| Edition statement | 25th ed. |
| 260 ## - PUBLICATION, DISTRIBUTION, ETC. | |
| Place of publication, distribution, etc. | Poole |
| Name of publisher, distributor, etc. | BCIS |
| Date of publication, distribution, etc. | 2007 |
| 520 ## - SUMMARY, ETC. | |
| Summary, etc. | Gives unit rates compiled from over 500 000 price elements. Each unit rate and element has been updated and new materials and specifications have been incorporated where applicable and includes the latest amendments to professional information, average building prices, town and country planning regulations fees for applications, building regulations prescribed fees etc. and costs limits and allowances. |
| 520 ## - SUMMARY, ETC. | |
| Summary, etc. | Superseded by 26th ed. (ISBN 9781904829812). |
| 651 #4 - SUBJECT ADDED ENTRY--GEOGRAPHIC NAME | |
| Geographic name | United Kingdom |
| Chronological subdivision | |
| 690 ## - LOCAL SUBJECT ADDED ENTRY--TOPICAL TERM (OCLC, RLIN) | |
| Topical term or geographic name as entry element | BUILT ENVIRONMENT-BUILDING COSTS |
| 700 ## - ADDED ENTRY--PERSONAL NAME | |
| Personal name | Barnett, N.P. |
| Relator term | Editor |
| 942 ## - ADDED ENTRY ELEMENTS (KOHA) | |
| Suppress in OPAC | 0 |
| Withdrawn status | Lost status | Source of classification or shelving scheme | Damaged status | Not for loan | Home library | Current library | Shelving location | Date acquired | Total Checkouts | Full call number | Barcode | Date last seen | Copy number | Price effective from | Koha item type | Date last checked out |
|---|---|---|---|---|---|---|---|---|---|---|---|---|---|---|---|---|
| Dewey Decimal Classification | London | London | RICS Boxes | 05/12/2007 | F692.5 WES | 30074532 | 06/08/2019 | 2 | 06/08/2019 | Reference material | ||||||
| Dewey Decimal Classification | London | London | RICS Boxes | 05/12/2007 | 14 | F692.5 WES | 30074536 | 06/08/2019 | 3 | 06/08/2019 | Book | 06/08/2009 | ||||
| Dewey Decimal Classification | London | London | RICS Boxes | 14/02/2008 | RICS 2007/56 | 30074528 | 06/08/2019 | 1 | 06/08/2019 | Archive |